000 01849nam a2200541 a 4500
999 _c23919
_d23919
001 vtls011735022
005 20250922112702.0
008 200104s2017 xo ho g b n 001 0bslo
020 _a9788081282058
_q(viaz.)
035 _aurn:nbn:sk:snk-am00d0qj
035 _aurn:nbn:sk:snk-am3hhqd
035 _a525052AD-8E4A-4A30-865D-68F46F1B0454
040 _aSNK
_bslo
_cSNK
_eAACR2
041 0 _aslo
044 _axo
_cSK
072 7 _a821.162.4.09
_xSlovenská literatúra (o nej)
_2konspekt
072 7 _a01
_xBibliografia. Katalógy
_2konspekt
072 7 _a929
_xBiografie
_2konspekt
080 _a821.162.4-051
_22011
080 _a82.0-051
_22011
080 _a070.4-051
_22011
080 _a(437.6)
_22011
080 _a012
_22011
080 _a(092)
_22011
245 0 0 _aKeď blízko bolo ešte veľmi ďaleko-
_bSvetozár Hurban Vajanský 1847-1916
_czostavil Peter Cabadaj
246 3 0 _aSvetozár Hurban Vajanský 1847-1916
260 _aMartin
_bMatica slovenská
_c2017
300 _a171 s.
_bfaks., fotogr.
_c22 cm
600 1 7 _aVajanský, Svetozár Hurban,
_d1847-1916
_2SNKMA
_94789
648 7 _a19.-20. stor.
_2SNKPH
_94790
648 7 _a19th-20st centuries
_2SNKPHeng
_94791
650 0 7 _aslovenskí spisovatelia
_2SNKPH
_92256
650 0 7 _aliterárni vedci
_2SNKPH
_94792
650 0 7 _apublicisti
_2SNKPH
_94793
650 0 7 _aSlovak authors
_2SNKPHeng
_92258
650 0 7 _aLiterary scientists
_2SNKPHeng
_94794
650 0 7 _aPublicists
_2SNKPHeng
_94795
651 7 _aSlovensko
_2SNKPH
_91613
651 7 _aSlovakia
_2SNKPHeng
_91614
655 7 _apersonálne bibliografie
_2SNKPH
_93157
655 7 _aPersonal bibliography
_2SNKPHeng
_93158
655 7 _abiografie
_2SNKPH
_91756
655 7 _aBiography
_2SNKPHeng
_91759
700 1 _aCabadaj, Peter,
_d1966-
_4com
_94796
958 _aNB
958 _aBX
958 _aPB